00322nam a2200133Ia 4500003000400000005001700004008004100021040001000062082001700072100003700089245002200126260001900148600002100167OSt20260518164722.0241002s9999 xx 000 0 und d cAACR2 a015.5491 NAT aNational Book centre of Pakistan 0aBooks on Pakistan aKarachi:c1965 aPakistan Studies